000 00679nam a22001697a 4500
999 _c11558
_d11558
008 181212b ||||| |||| 00| 0 eng d
082 _22018
_aUT 1096
_bC17
100 _aCaputoloan, Astrid Kaye E.
_933135
245 _aEffectiveness of barangay defense system :
_bbasis for an action plan /
_cAstrid Kaye E. Caputoloan, Charlie B. Gerarman, Rene Jean A. Morato
260 _aDigos City:
_bUMDC
_cMay 2018.
300 _a46 pages ;
_b26 cm.
650 _aCriminal Justice Education
_vCriminology
_xUndergraduate Thesis.
_933107
700 _aCaputoloan, Astrid Kaye E.
_933135
700 _aGerarman, Charlie B.
_933136
700 _aMorato, Rene Jean A.
_933137
942 _2ddc
_cUT